Lincoln's philosophic vision
Saved in:
| Hovedforfatter: | |
|---|---|
| Format: | Bog |
| Sprog: | engelsk |
| Udgivet: |
Gettysburg
Gettysburg College
1982
|
| Serier: | Fortenbaugh Memorial Lecture Gettysburg College
|
| Fag: | |
| Tags: |
Tilføj Tag
Ingen Tags, Vær først til at tagge denne postø!
|
MARC
| LEADER | 00000nam a2200000 a 4500 | ||
|---|---|---|---|
| 001 | UCH1428 | ||
| 003 | CL-VaPUC | ||
| 008 | 090427e19820000us |||||||||||||||||eng|d | ||
| 082 | 0 | 4 | |a 973.7 |b BAR |2 21 |
| 100 | 0 | |a Barzun, Jacques |e author |9 535914 | |
| 245 | 1 | 0 | |a Lincoln's philosophic vision |
| 300 | |a 24 p | ||
| 942 | |c BK | ||
| 945 | |d 20090427 00:00:00 |a rbrito | ||
| 260 | |a Gettysburg |b Gettysburg College |c 1982 | ||
| 600 | 0 | |a Lincoln, Abraham, |d 1809-1865 |9 321765 | |
| 650 | 0 | |a Historia de Estados Unidos |9 354186 | |
| 650 | 0 | |a Guerra civil |9 320243 | |
| 651 | 0 | |a Estados Unidos |9 255178 | |
| 583 | |a last modification |c 20171218 11:54:44 |k Rodrigo Vera | ||
| 490 | 0 | |a Fortenbaugh Memorial Lecture Gettysburg College | |
| 999 | |c 333467 |d 333465 | ||
| 952 | |0 0 |1 0 |4 0 |6 973_700000000000000_BAR_1982 |7 0 |8 A |9 421902 |a BIBHIS |b BIBHIS |d 2019-11-22 |i 4539524 |o 973.7 BAR 1982 |p 4539524 |r 2025-01-20 |w 2019-11-22 |y BK |k HIS | ||